NBA Bad Stats Leaders - Statistics

General Stats
  • This quiz has been taken 146 times
  • The average score is 20 of 46
Answer Stats
Giannis Antetokounmpo % Correct
LeBron James
97%
Kobe Bryant
84%
Michael Jordan
82%
Shaquille O'Neal
79%
Kareem Abdul-Jabbar
76%
Russell Westbrook
71%
Karl Malone
70%
Moses Malone
70%
James Harden
69%
Magic Johnson
67%
Wilt Chamberlain
67%
John Stockton
62%
Johnny Green
58%
Steve Nash
58%
Hakeem Olajuwon
56%
Jason Kidd
56%
Dirk Nowitzki
52%
Robert Parish
50%
Vince Carter
50%
Allen Iverson
47%
Isiah Thomas
46%
Carmelo Anthony
44%
Clifford Robinson
44%
Kevin Garnett
44%
Patrick Ewing
44%
Juwan Howard
38%
Paul Pierce
38%
John Havlicek
34%
Reggie Miller
34%
Andre Miller
33%
Elgin Baylor
33%
Elvin Hayes
32%
Buck Williams
30%
Herb Williams
30%
Dominique Wilkins
27%
Kevin Willis
15%
Thaddeus Young
15%
Charles Oakley
11%
Jamal Crawford
10%
Jason Terry
10%
James Edwards
5%
Otis Thorpe
5%
Otis Thorpe
5%
Reggie Theus
5%
Antawn Jamison
4%
Johnny Newman
3%
No matching quizzes found
Score Distribution
Percent of People with Each Score
Percentile by Number Answered
Your Score History
You have not taken this quiz